|
|
|
|
| LEADER |
01328nta a2200265 i 4500 |
| 001 |
dipl68829 |
| 005 |
20231220200318.0 |
| 008 |
170601s2016 hu om 0|| hun d |
| 040 |
|
|
|a SZTE Diploma Repozitórium
|b hun
|
| 041 |
|
|
|a hun
|
| 100 |
1 |
|
|a Takács Dániel
|
| 245 |
1 |
0 |
|a DTW-n alapuló offline aláírás hitelesítés
|h [elektronikus dokumentum] /
|c Dániel Takács
|
| 246 |
1 |
0 |
|a Offline handwritten signature verification based on DTW
|h [elektronikus dokumentum]
|
| 260 |
|
|
|c 2016
|
| 650 |
|
4 |
|a Természettudományok
|
| 650 |
|
4 |
|a Natural sciences
|
| 650 |
|
4 |
|a Computer and information sciences
|
| 650 |
|
4 |
|a Computer sciences, information science and bioinformatics
|
| 650 |
|
4 |
|a Software engineering, operating systems, computer languages
|
| 650 |
|
4 |
|a Algorithms, distributed, parallel and network algorithms, algorithmic game theory
|
| 650 |
|
4 |
|a Computer graphics, computer vision, multimedia, computer games
|
| 700 |
1 |
|
|a Németh Gábor
|e ths
|
| 856 |
4 |
0 |
|u https://diploma.bibl.u-szeged.hu/id/eprint/68829/1/2016_Tak%C3%A1cs_D%C3%A1niel_TADRABT_SZE_SZ.pdf
|z Dokumentum-elérés
|
| 856 |
4 |
0 |
|u https://diploma.bibl.u-szeged.hu/id/eprint/68829/7/2016_takacs_daniel_melleklet.zip
|z Dokumentum-elérés
|
| 856 |
4 |
0 |
|u https://diploma.bibl.u-szeged.hu/id/eprint/68829/8/2016_takacs_daniel_biralati_lap.pdf
|z Dokumentum-elérés
|